LIBRARY & INFORMATION CENTRE, KCAET, TAVANUR

ONLINE PUBLIC ACCESS CATALOGUE (OPAC)

Effect of drip irrigation management and different soilless culture on growth and yield of tomato grown in naturally ventilated greenhouse (Record no. 15137)

MARC details
000 -LEADER
fixed length control field 00979nam a22002177a 4500
003 - CONTROL NUMBER IDENTIFIER
control field OSt
088 ## - REPORT NUMBER
Report number P 230
100 ## - MAIN ENTRY--AUTHOR NAME
Personal name ASWATHY P. R
245 ## - TITLE STATEMENT
Title Effect of drip irrigation management and different soilless culture on growth and yield of tomato grown in naturally ventilated greenhouse
260 ## - PUBLICATION, DISTRIBUTION, ETC. (IMPRINT)
Place of publication Tavanur 2011
Name of publisher Department of Irrigation and Drainage Engineering
300 ## - PHYSICAL DESCRIPTION
Number of Pages 72
500 ## - GENERAL NOTE
General note Effect of drip irrigation management and different soilless culture on growth and yield of tomato grown in naturally ventilated greenhouse
520 ## - SUMMARY, ETC.
Summary, etc Effect of drip irrigation management and different soilless culture on growth and yield of tomato grown in naturally ventilated greenhouse
700 ## - ADDED ENTRY--PERSONAL NAME
Personal name Naima P. M
700 ## - ADDED ENTRY--PERSONAL NAME
Personal name Neethu Varghese K
700 ## - ADDED ENTRY--PERSONAL NAME
Personal name Ranjit Singh
700 ## - ADDED ENTRY--PERSONAL NAME
Personal name Er. Asha Joseph (Guide)
856 ## - ELECTRONIC LOCATION AND ACCESS
Uniform Resource Identifier https://drive.google.com/open?id=1WUvrx1uMVDpCxTc7XyREHawfCzQVDJBh
942 ## - ADDED ENTRY ELEMENTS (KOHA)
Koha item type Project Report
Holdings
Collection code Home library Current library Shelving location Full call number Accession Number Koha item type
Reference KAUAET KAUAET Reference 631.587 ASW/EF P 230 Project Report
free website counter